|
|
|
|
| LEADER |
00000nam a2200000 a 4500 |
| 001 |
vtls009148881 |
| 003 |
SK-MaSNL |
| 005 |
20260301180324.0 |
| 008 |
240318s2007 xo l d p 000 0 slo |
| 015 |
|
|
|a SNBA2007/11-05105
|
| 020 |
|
|
|a 9788022817516
|q (brož.)
|
| 035 |
|
|
|a 5FCD63B7-C996-42EC-9C8A-5E28F65D429B
|
| 035 |
|
|
|a urn:nbn:sk:snk-amjvat
|
| 035 |
|
|
|a urn:nbn:sk:snk-am007yv6
|
| 040 |
|
|
|a SNK
|b slo
|c SNK
|e AACR2
|
| 041 |
0 |
|
|a slo
|
| 044 |
|
|
|a xo
|c SK
|
| 072 |
|
7 |
|a 005
|x Manažment. Riadenie
|2 konspekt
|
| 080 |
|
|
|a 005
|2 2001
|
| 080 |
|
|
|a (075.8)
|2 2001
|
| 100 |
1 |
|
|a Rašner, Jaroslav,
|d 1948-2021
|4 aut
|9 87299
|
| 245 |
1 |
0 |
|a Manažment
|c Jaroslav Rašner, Patrik Aláč
|
| 250 |
|
|
|a 1. vyd.
|
| 260 |
|
|
|a Zvolen
|b Technická univerzita
|c 2007
|
| 300 |
|
|
|a 73 s.
|b sch., tab.
|c 29 cm
|
| 366 |
|
|
|e 300 výtl.
|
| 504 |
|
|
|a Bibliogr. s. 73
|
| 521 |
|
|
|a Vydané pre potreby Referátu dištančného vzdelávania Drevárskej fakulty TU vo Zvolene
|
| 650 |
0 |
7 |
|a manažment
|2 SNKPH
|9 922
|
| 655 |
|
7 |
|a učebnice vysokých škôl
|2 SNKPH
|9 70191
|
| 700 |
1 |
|
|a Aláč, Patrik,
|d 1972-
|4 aut
|9 169631
|
| 919 |
|
|
|a 978-80-228-1751-6
|
| 958 |
|
|
|a NB
|
| 968 |
|
|
|d 0
|
| 999 |
|
|
|c 845824
|d 847754
|
| 952 |
|
|
|a SNK
|b SNK
|y PREZ
|7 0
|p 17A0564649
|o snkSB 75025
|i snk2007/22025
|8 0
|0 0
|1 0
|4 0
|d 2007-10-11
|f 1
|l 0
|r 2025-04-25 00:00:00
|w 2026-02-24
|
| 952 |
|
|
|a SNK
|b SNK
|y VYP
|7 0
|p 17A0564650
|o snkSB 75025 D1
|i snk2007/22026
|8 0
|0 0
|1 0
|4 0
|d 2007-10-11
|l 0
|r 2016-06-30 00:00:00
|w 2026-02-24
|